|
|
|
|
| LEADER |
00000nas a22000001 4500 |
| 001 |
ssj0001845 |
| 003 |
WaSeSS |
| 005 |
20200512172242.0 |
| 006 |
m d |
| 007 |
cr n |
| 008 |
750726c19519999ohubx p sr 0 a0eng c |
| 010 |
|
|
|a 55034023
|
| 016 |
7 |
|
|a 009829624
|2 Uk
|
| 022 |
|
|
|l 0003-0112
|y 0003-0112
|
| 032 |
|
|
|a 544500
|b USPS
|
| 035 |
|
|
|a (WaSeSS)ssj0001845
|
| 040 |
|
|
|a MUL
|b eng
|c MUL
|d SUL
|d COO
|d NSD
|d YUS
|d IUL
|d DLC
|d AIP
|d NSD
|d AIP
|d IUL
|d DLC
|d NST
|d DLC
|d CUS
|d OCLCQ
|d LVB
|d OCLCQ
|d UKMGB
|d HNW
|d IUL
|d OCLCQ
|d OCLCF
|d OCL
|d OCLCO
|d DLC
|d CUS
|d POA
|d LIP
|d XFH
|d QE2
|d OCLCQ
|d CSJ
|d OCLCO
|d OCLCQ
|d MNS
|d OCLCO
|d OCLCQ
|d CCH
|d OCLCQ
|d KFH
|d OCLCQ
|d HTM
|d CBA
|d OCLCO
|d NJR
|d U3G
|d GDC
|d OCLCQ
|d OCLCO
|d RULBL
|d WaSeSS
|
| 042 |
|
|
|a nsdp
|a pcc
|
| 050 |
0 |
0 |
|a ML1
|b .A5
|
| 082 |
0 |
4 |
|a 780.7
|
| 210 |
0 |
|
|a Am. music teach.
|
| 222 |
|
4 |
|a The American music teacher
|
| 245 |
0 |
4 |
|a The American music teacher
|h [electronic resource].
|
| 260 |
|
|
|a [Cincinnati, Ohio, etc.]
|b Music Teachers' National Association.
|
| 310 |
|
|
|a Bimonthly (except July-Aug.)
|
| 362 |
0 |
|
|a v. 1- Sept./Oct. 1951-
|
| 506 |
|
|
|a License restrictions may limit access.
|
| 515 |
|
|
|a Vol. 1, no. 1 preceded by an introductory number dated May 1951.
|
| 550 |
|
|
|a "Official journal of the Music Teachers National Association."
|
| 588 |
|
|
|a Latest issue consulted: Vol. 58, no. 5 (Apr./May 2009).
|
| 650 |
|
0 |
|a Music
|x Instruction and study
|v Periodicals.
|
| 650 |
|
0 |
|a Music
|v Periodicals.
|
| 650 |
|
6 |
|a Musique
|v Périodiques.
|
| 650 |
|
6 |
|a Musique
|x Étude et enseignement
|v Périodiques.
|
| 650 |
|
7 |
|a Music
|2 fast
|0 (OCoLC)fst01030269
|
| 650 |
|
7 |
|a Music
|x Instruction and study.
|2 fast
|0 (OCoLC)fst01030347
|
| 655 |
|
0 |
|a Electronic journals.
|
| 710 |
2 |
|
|a Music Teachers National Association.
|
| 780 |
0 |
0 |
|t Bulletin of the Music Teachers National Association
|x 2380-9051
|w (DLC)sn 86026492
|w (OCoLC)14979213
|
| 850 |
|
|
|a CoU
|a DLC
|a NcWsW
|a PPiD
|
| 856 |
4 |
0 |
|z Full text available from Research Library: 02/01/1994 to present
|u https://search.proquest.com/publication/40811
|